UBT Library

Intrapreneuring : (Record no. 40661)

000 -LEADER
fixed length control field 00625cam a2200217 a 4500
001 - CONTROL NUMBER
control field 3770306
005 - DATE AND TIME OF LATEST TRANSACTION
control field 20180122072702.0
008 - FIXED-LENGTH DATA ELEMENTS--GENERAL INFORMATION
fixed length control field 840705s1985 nyua b 001 0 eng
010 ## - LIBRARY OF CONGRESS CONTROL NUMBER
LC control number 83048800
020 ## - INTERNATIONAL STANDARD BOOK NUMBER
International Standard Book Number 0060153059 :
Terms of availability $19.95
040 ## - CATALOGING SOURCE
Original cataloging agency DLC
Transcribing agency DLC
Modifying agency DLC
041 ## - LANGUAGE CODE
Language code of text/sound track or separate title eng
080 ## - UNIVERSAL DECIMAL CLASSIFICATION NUMBER
Universal Decimal Classification number 658.42 GIF
082 00 - DEWEY DECIMAL CLASSIFICATION NUMBER
Classification number 658.42 GIF
Edition number 19
100 1# - Rafti
Rafti 58
101 ## - Shkurtesa
Shkurtesa BUS
245 10 - TITLE STATEMENT
Title Intrapreneuring :
Statement of responsibility, etc Gifford Pinchot, III.
504 ## - BIBLIOGRAPHY, ETC. NOTE
Bibliography, etc Bibliography: p. 352-354.
906 ## - LOCAL DATA ELEMENT F, LDF (RLIN)
a 7
b cbc
c orignew
d 1
e ocip
f 19
g y-gencatlg
942 ## - ADDED ENTRY ELEMENTS (KOHA)
Source of classification or shelving scheme
Item type Books
Holdings
Withdrawn status Lost status Source of classification or shelving scheme Damaged status Not for loan Collection code Permanent location Current location Shelving location Date acquired Total Checkouts Full call number Barcode Date last seen Price effective from Koha item type
          Koleksioni i përgjithshem UBT - Lipjan UBT - Lipjan Koleksioni i përgjithshem 01/22/2018   658.42 GIF 002-2996022 01/22/2018 01/22/2018 Books
          Koleksioni i përgjithshem UBT - Lipjan UBT - Lipjan Koleksioni i përgjithshem 06/02/2021   658 PIN 002-7003518 06/02/2021 06/02/2021 Books
UBT Library © 2015-2024. All rights reserved University Education for Business and Technology